000 00558nam a2200181Ia 4500
008 100920s9999 xx 000 0 und d
082 _b98669
_a24 न 07
100 _aगायकवाड राजेंद्र.
245 _aअधुर रहस्य.
260 _bपायल पब्लिकेशन, पुणे.
_c2007
300 _a192
_bसाधी
365 _b180
520 _aसायो.
630 _aअधुर रहस्य.
650 _aसायो.
730 _aअधुर रहस्य.
942 _cBOOK
999 _c739107
_d739104